[Event "Rostov on Don rapid GP Stage 28th"]
[Site "Rostov on Don"]
[Date "2021.10.29"]
[Round "3"]
[White "Kornyukov, Alexey"]
[Black "Danchenko, Artemiy"]
[Result "0-1"]
[WhiteElo "2452"]
[BlackElo "2003"]
[PlyCount "74"]
[EventDate "2021.10.29"]
[EventType "swiss"]
[EventRounds "11"]
[EventCountry "RUS"]
[SourceTitle "CBM 204 Extra"]
[Source "ChessBase"]
[SourceDate "2021.11.30"]
[SourceVersion "1"]
[SourceVersionDate "2021.11.30"]
[SourceQuality "1"]

1. Nf3 c5 2. c4 Nc6 3. g3 g6 4. Bg2 Bg7 5. 0-0 d6 6. Nc3 e5 7. d3 Nge7 8. e3 0-0 9. d4 cxd4 10. exd4 Bg4 11. d5 Nd4 12. Be3 Nef5 13. Ne4 Rc8 14. Rc1 Qb6 15. Re1 Qxb2 16. Bxd4 exd4 17. Qd3 Bxf3 18. Bxf3 b5 19. c5 dxc5 20. Rxc5 Rxc5 21. Nxc5 Qc3 22. Qxc3 dxc3 23. Be4 Re8 24. Rd1 Nd6 25. Bc2 Re2 26. Bb3 a5 27. Kf1 Rb2 28. a4 b4 29. h4 h5 30. Ke1 Bh6 31. f4 Bg7 32. Kf1 Kh7 33. Ke1 Kg8 34. Kf1 Bf8 35. Re1 Kg7 36. Re2 Nf5 37. Rxb2 cxb2 0-1

[Event "Adygea blitz op"]
[Site "Maikop"]
[Date "2019.05.04"]
[Round "11"]
[White "Danchenko, Artemiy"]
[Black "Baranov, Grigory"]
[Result "1-0"]
[WhiteElo "1846"]
[BlackElo "2319"]
[PlyCount "89"]
[EventDate "2019.05.04"]
[EventType "swiss (blitz)"]
[EventRounds "11"]
[EventCountry "RUS"]
[SourceTitle "CBM 190 Extra"]
[Source "ChessBase"]
[SourceDate "2019.07.15"]
[SourceVersion "1"]
[SourceVersionDate "2019.07.15"]
[SourceQuality "1"]

1. e4 e6 2. Nf3 d5 3. Nc3 Nf6 4. e5 Nfd7 5. d4 c5 6. dxc5 Nxc5 7. Bf4 Nc6 8. Bd3 Be7 9. h4 a6 10. h5 h6 11. Rh3 Qb6 12. Rb1 Bd7 13. Rg3 Bf8 14. Kf1 0-0-0 15. b4 Nxd3 16. cxd3 d4 17. Ne4 Kb8 18. Nfd2 Qb5 19. Nc4 Ne7 20. Ned6 Qd5 21. Nxf7 Rc8 22. Nxh8 Nf5 23. Rf3 Bb5 24. Ng6 Bxc4 25. dxc4 Qxc4+ 26. Kg1 Qxa2 27. Ra1 Qd5 28. Nxf8 Rxf8 29. Rd3 Qe4 30. Qf3 Qxf3 31. gxf3 Nh4 32. Bg3 Nxf3+ 33. Kg2 Ng5 34. Rxd4 Nf7 35. Rad1 Ka7 36. Rd7 Kb6 37. Re7 Nd8 38. Rxg7 Rf5 39. Rxd8 Rxh5 40. Rd6+ Kb5 41. Rxe6 Kxb4 42. Rb6+ Kc5 43. Rgxb7 a5 44. Ra6 Rg5 45. Rxa5+ 1-0

[Event "Adygea rapid op"]
[Site "Maikop"]
[Date "2019.05.02"]
[Round "3"]
[White "Gochelashvili, David"]
[Black "Danchenko, Artemiy"]
[Result "1-0"]
[WhiteElo "2392"]
[BlackElo "1846"]
[PlyCount "91"]
[EventDate "2019.05.02"]
[EventType "swiss (rapid)"]
[EventRounds "9"]
[EventCountry "RUS"]
[SourceTitle "CBM 190 Extra"]
[Source "ChessBase"]
[SourceDate "2019.07.15"]
[SourceVersion "1"]
[SourceVersionDate "2019.07.15"]
[SourceQuality "1"]

1. e4 c5 2. c3 d5 3. exd5 Qxd5 4. d4 Nf6 5. Nf3 e6 6. Bd3 Nc6 7. 0-0 Bd7 8. dxc5 Bxc5 9. Qe2 0-0 10. Bg5 Ng4 11. Rd1 Bxf2+ 12. Kf1 Qa5 13. h3 Nge5 14. b4 Qc7 15. Kxf2 h6 16. Nxe5 Nxe5 17. Be7 Rfe8 18. Bd6 Nxd3+ 19. Qxd3 Qc6 20. c4 e5 21. Nc3 Be6 22. c5 Rad8 23. Qf3 Qa6 24. Nd5 e4 25. Qe2 e3+ 26. Nxe3 Qa3 27. Qd2 f5 28. Nc2 Qa6 29. Nd4 Bc4 30. a4 b6 31. b5 Qb7 32. Qb4 Qd5 33. Rac1 Ba2 34. Nc6 Re2+ 35. Kxe2 Qxg2+ 36. Kd3 bxc5 37. Qxc5 Qf3+ 38. Kd2 Qg2+ 39. Kc3 Re8 40. Ne7+ Kh8 41. Qc6 Qxh3+ 42. Rd3 Qh5 43. Kb2 Bf7 44. Qf3 Qg5 45. Qxf5 Qg2+ 46. Rc2 1-0

[Event "Dvorkovich Memorial op"]
[Site "Taganrog"]
[Date "2018.01.16"]
[Round "2"]
[White "Danchenko, Artemiy"]
[Black "Arkhipenko, Denis"]
[Result "0-1"]
[WhiteElo "1836"]
[BlackElo "1621"]
[PlyCount "120"]
[EventDate "2018.01.15"]
[EventType "swiss"]
[EventRounds "9"]
[EventCountry "RUS"]
[SourceTitle "CBM 182 Extra"]
[Source "ChessBase"]
[SourceDate "2018.02.23"]
[SourceVersion "1"]
[SourceVersionDate "2018.02.23"]
[SourceQuality "1"]

1. e4 e6 2. Nc3 d5 3. Nf3 Nf6 4. e5 Nfd7 5. d4 c5 6. dxc5 Nc6 7. Bf4 Bxc5 8. Bd3 Qb6 9. 0-0 a6 10. a3 Qc7 11. Qe2 b5 12. Bg3 Nb6 13. Rfe1 Bb7 14. h3 h6 15. Kh1 Rc8 16. Rad1 0-0 17. Nh2 Nc4 18. Rb1 Qe7 19. h4 Bd4 20. Qh5 Bxe5 21. Bxe5 N6xe5 22. Rxe5 Nxe5 23. Qxe5 Qxh4 24. Kg1 Qg5 25. Qe2 Rfe8 26. Nf3 Qg4 27. Re1 f6 28. Nh2 Qxe2 29. Rxe2 e5 30. Bf5 Rc5 31. Nf3 Bc8 32. Bg6 Rd8 33. Nd2 Be6 34. Nb3 Rc7 35. f4 e4 36. Nd4 Bf7 37. Bxf7+ Kxf7 38. Kf2 Rc4 39. Ke3 g6 40. Nd1 h5 41. g3 Rh8 42. Nc3 Rd8 43. Rh2 f5 44. Nce2 Ke7 45. c3 Kd6 46. Nc1 Rc7 47. Na2 Re8 48. Nb4 Ra8 49. Rd2 Rcc8 50. Ndc2 Rc5 51. Nd4 a5 52. Na2 Rb8 53. Nc1 b4 54. Ncb3 bxc3 55. Rc2 cxb2 56. Rxb2 Rc3+ 57. Kf2 a4 58. Re2 axb3 59. Rb2 Rd3 60. Ne2 Rc8 0-1

[Event "Dvorkovich Memorial op"]
[Site "Taganrog"]
[Date "2018.01.15"]
[Round "1"]
[White "Triapishko, Alexandr"]
[Black "Danchenko, Artemiy"]
[Result "1-0"]
[WhiteElo "2531"]
[BlackElo "1836"]
[PlyCount "47"]
[EventDate "2018.01.15"]
[EventType "swiss"]
[EventRounds "9"]
[EventCountry "RUS"]
[SourceTitle "CBM 182 Extra"]
[Source "ChessBase"]
[SourceDate "2018.02.23"]
[SourceVersion "1"]
[SourceVersionDate "2018.02.23"]
[SourceQuality "1"]

1. d4 d5 2. Bf4 Nf6 3. e3 c5 4. c3 e6 5. Nd2 Nc6 6. Ngf3 Bd6 7. Bg3 0-0 8. Bb5 a6 9. Bxc6 bxc6 10. Qa4 Bxg3 11. hxg3 Qb6 12. Qc2 h6 13. Ne5 a5 14. g4 Re8 15. Nb3 c4 16. Nc5 Qc7 17. f4 Nd7 18. Ncxd7 Bxd7 19. g5 hxg5 20. fxg5 Rab8 21. Qh7+ Kf8 22. 0-0 Ke7 23. Rxf7+ Kd8 24. Qxg7 1-0

[Event "Dvorkovich Memorial op"]
[Site "Taganrog"]
[Date "2017.01.19"]
[Round "7"]
[White "Bashev, Fyodor"]
[Black "Danchenko, Artemiy"]
[Result "0-1"]
[WhiteElo "1628"]
[BlackElo "1850"]
[PlyCount "80"]
[EventDate "2017.01.13"]
[EventType "swiss"]
[EventRounds "9"]
[EventCountry "RUS"]
[SourceTitle "CBM 176 Extra"]
[Source "ChessBase"]
[SourceDate "2017.03.02"]
[SourceVersion "1"]
[SourceVersionDate "2017.03.02"]
[SourceQuality "1"]

1. e4 e5 2. Nf3 Nc6 3. Bb5 a6 4. Bxc6 dxc6 5. 0-0 f6 6. d4 Bg4 7. dxe5 Qxd1 8. Rxd1 fxe5 9. Nbd2 0-0-0 10. Re1 Bd6 11. h3 Bxf3 12. Nxf3 h6 13. Bd2 Ne7 14. c4 Ng6 15. b4 Be7 16. Rad1 Rd3 17. Kf1 Rhd8 18. Ke2 Ra3 19. Ra1 Nf4+ 20. Bxf4 exf4 21. c5 a5 22. Rec1 axb4 23. Ke1 Bf6 24. e5 Re8 25. Rab1 Bxe5 26. Nxe5 Rxe5+ 27. Kf1 Rc3 28. Rd1 Rexc5 29. Rxb4 Rc1 30. Re1 Rxe1+ 31. Kxe1 g5 32. Ra4 b5 33. Ra8+ Kb7 34. Rh8 Re5+ 35. Kd2 Re6 36. h4 c5 37. Rg8 Ra6 38. hxg5 Rxa2+ 39. Kc1 hxg5 40. Rxg5 Rxf2 0-1